| 000 | 00535aam a2200229 4500 | ||
|---|---|---|---|
| 005 | 20241021150202.0 | ||
| 008 | 150326b2010 xxu||||| |||| 00| 0 spa d | ||
| 020 | _a9789504924005 | ||
| 041 | _aESP | ||
| 082 | _a823.914 C555t | ||
| 100 |
_aChristie, Agatha _928155 |
||
| 245 | _aEl truco de los espejos | ||
| 260 | _aArgentina | ||
| 260 | _bPlaneta | ||
| 260 | _c2010 | ||
| 300 | _a164 páginas | ||
| 650 | _aNOVELA INGLESA | ||
| 650 | _aLITERATURA INGLESA | ||
| 650 | _aCRIMEN | ||
| 650 | _aMISTERIO | ||
| 942 |
_cLIT _2ddc |
||
| 999 |
_c3308 _d3308 |
||